000 00935nam a2200229 i 4500
001 85042
003 ES-MaACL
005 20250328185024.0
007 t|
008 041125s1948 sp ||||1| spa d
100 1 _aJiménez, Alberto.
_966394
245 1 0 _aOcaso y restauración
_b: ensayo sobre la universidad española moderna /
_cAlberto Jiménez.
250 _a[1ª ed.].
260 _aMéxico :
_bEl Colegio,
_c[1948] (
_fStylo)
300 _a310 p. ;
_c22 cm.
510 _aCCPB,
_c001289728-0.
852 _aES-MaACL
_jD-6288
_bR.30139
_bR.M.5883
_988164
_cSVI
_fSello en tinta azul de la Biblioteca del Ateneo de Madrid.
_gAnotación manuscrita a lápiz en hoja de guarda posterior: "43.59".
_z"17.OCT.1950"
942 _2udc
_cMONOGRAFIA
999 _c85042
_d85042